NGO transborder organizations in the San Diego-Tijuana and Vancouver-Seattle Regions /
में बचाया:
| मुख्य लेखक: | |
|---|---|
| स्वरूप: | मूलपाठ |
| टैग: |
टैग जोड़ें
कोई टैग नहीं, इस रिकॉर्ड को टैग करने वाले पहले व्यक्ति बनें!
|
MARC
| LEADER | 00000 a a2200000 04500 | ||
|---|---|---|---|
| 001 | 8238 | ||
| 003 | |||
| 040 | |||
| 100 | |a Taylor, Lawrence D. | ||
| 245 | |a NGO transborder organizations in the San Diego-Tijuana and Vancouver-Seattle Regions / |c Lawrence D. Taylor | ||
| 773 | |g volumen 19, número 37; páginas 35-57 | ||
| 999 | |c 23788 |d 23788 | ||
